Statistics for Most Populated States A-Z

Click here to take the quiz!

General Stats

  • This quiz has been taken 56 times
  • The average score is 18 of 19

Answer Stats

Letter State % Correct
CCalifornia
100%
DDelaware
98%
UUtah
96%
HHawaii
96%
PPennsylvania
96%
FFlorida
96%
AArizona
96%
NNew York
94%
OOhio
94%
KKentucky
94%
IIllinois
94%
GGeorgia
94%
WWashington
92%
RRhode Island
92%
VVirginia
90%
TTexas
88%
MMichigan
86%
LLouisiana
86%
SSouth Carolina
86%

Score Distribution

Percentile by Number Answered

Percent of People with Each Score

Your Score History

You have not taken this quiz